[Event "Madrid-ch sf"]
[Site "Madrid"]
[Date "2017.03.28"]
[Round "2"]
[White "Corisco Beltran, Rafael"]
[Black "Quevedo Marin, Manuel"]
[Result "1-0"]
[WhiteElo "2038"]
[BlackElo "2245"]
[PlyCount "99"]
[EventDate "2017.03.27"]
[EventType "swiss"]
[EventRounds "9"]
[EventCountry "ESP"]
[SourceTitle "CBM 177 Extra"]
[Source "ChessBase"]
[SourceDate "2017.04.27"]
[SourceVersion "1"]
[SourceVersionDate "2017.04.27"]
[SourceQuality "1"]

1. e4 c5 2. Nf3 e6 3. d4 cxd4 4. Nxd4 a6 5. Be2 Qc7 6. 0-0 Nf6 7. Nc3 Bc5 8. Bg5 Nc6 9. Nb3 Be7 10. f4 d6 11. Bf3 0-0 12. Qe1 Rb8 13. Qg3 Kh8 14. Rae1 Ng8 15. e5 Bxg5 16. Qxg5 d5 17. f5 Nxe5 18. fxe6 f6 19. Nxd5 Qd8 20. Qf5 g6 21. Qh3 Re8 22. Nf4 Qb6+ 23. Kh1 Bxe6 24. Nxe6 Qxe6 25. Qxe6 Rxe6 26. Nc5 Re7 27. Bd5 Rc7 28. b4 Nc6 29. c3 Nce7 30. Be6 Kg7 31. Bxg8 Kxg8 32. Rxf6 Nd5 33. Rf3 a5 34. a3 Ra8 35. Re5 Nb6 36. h3 Nc4 37. Ne6 Re7 38. Rc5 Nxa3 39. Rxa5 Rae8 40. Rxa3 Rxe6 41. Ra7 R8e7 42. c4 Re4 43. Rc3 Rc7 44. b5 Rexc4 45. Rxc4 Rxc4 46. Rxb7 Rc1+ 47. Kh2 Rc3 48. b6 h5 49. Kg1 Rc2 50. Rc7 1-0

[Event "Madrid-ch sf"]
[Site "Madrid"]
[Date "2017.03.27"]
[Round "1"]
[White "Lozano Sanchez, Jose Antonio"]
[Black "Corisco Beltran, Rafael"]
[Result "0-1"]
[WhiteElo "1864"]
[BlackElo "2038"]
[PlyCount "46"]
[EventDate "2017.03.27"]
[EventType "swiss"]
[EventRounds "9"]
[EventCountry "ESP"]
[SourceTitle "CBM 177 Extra"]
[Source "ChessBase"]
[SourceDate "2017.04.27"]
[SourceVersion "1"]
[SourceVersionDate "2017.04.27"]
[SourceQuality "1"]

1. e4 c5 2. Nf3 d6 3. Bc4 Nf6 4. Nc3 a6 5. a4 e6 6. 0-0 Be7 7. d4 cxd4 8. Nxd4 0-0 9. Re1 Qc7 10. Bb3 Nbd7 11. Bg5 Ne5 12. Qe2 h6 13. Bh4 Qc5 14. Rad1 Ng6 15. Bg3 Nh5 16. Qd3 Nhf4 17. Bxf4 Nxf4 18. Qf3 Bf6 19. Qxf4 Bxd4 20. Ne2 Be5 21. Qd2 b5 22. Nf4 Bxb2 23. Qxd6 Qxd6 0-1

[Event "Barcelona Sants op 17th"]
[Site "Barcelona"]
[Date "2015.08.21"]
[Round "1"]
[White "Corisco Beltran, Rafael"]
[Black "Cawdery, Daniel"]
[Result "0-1"]
[WhiteElo "2050"]
[BlackElo "2424"]
[PlyCount "74"]
[EventDate "2015.08.21"]
[EventType "swiss"]
[EventRounds "10"]
[EventCountry "ESP"]
[SourceTitle "EXT 2016"]
[Source "ChessBase"]
[SourceDate "2015.10.08"]
[SourceVersion "1"]
[SourceVersionDate "2015.10.08"]
[SourceQuality "1"]

1. e4 c5 2. Nf3 Nc6 3. d4 cxd4 4. Nxd4 Nf6 5. Nc3 e5 6. Ndb5 d6 7. Bg5 a6 8. Na3 b5 9. Bxf6 gxf6 10. Nd5 Bg7 11. Bd3 Ne7 12. c4 Nxd5 13. cxd5 f5 14. 0-0 fxe4 15. Bxe4 0-0 16. Rc1 f5 17. Bb1 e4 18. Qd2 Qf6 19. Rc7 Qxb2 20. Qxb2 Bxb2 21. Nc2 Rf7 22. Rxf7 Kxf7 23. f3 exf3 24. Rxf3 Bd7 25. Kf1 Rc8 26. Ke2 Re8+ 27. Kd2 Bf6 28. Nb4 Re5 29. Nxa6 Rxd5+ 30. Rd3 Rd4 31. Rxd4 Bxd4 32. Bd3 Bb6 33. Nb8 Be6 34. Ke2 Bd5 35. g3 Bg1 36. g4 fxg4 37. Bxh7 Bf3+ 0-1

[Event "Madrid Oliver Gonzalez Memorial-A 3rd"]
[Site "Madrid"]
[Date "2012.09.02"]
[Round "2"]
[White "Corisco Beltran, Rafael"]
[Black "Rodrigo Yanguas, Maria"]
[Result "0-1"]
[WhiteElo "1979"]
[BlackElo "2171"]
[PlyCount "80"]
[EventDate "2012.09.01"]
[EventType "swiss"]
[EventRounds "9"]
[EventCountry "ESP"]
[SourceTitle "CBM 150 Extra"]
[Source "ChessBase"]
[SourceDate "2012.10.19"]
[SourceVersion "1"]
[SourceVersionDate "2012.10.19"]
[SourceQuality "1"]

1. e4 e6 2. d4 d5 3. Nc3 Nf6 4. e5 Nfd7 5. f4 c5 6. Nf3 Nc6 7. Be3 a6 8. Qd2 b5 9. a3 Bb7 10. Ne2 Qc7 11. dxc5 Bxc5 12. Ned4 0-0-0 13. b4 Be7 14. a4 Bxb4 15. c3 Ba5 16. axb5 Ncxe5 17. bxa6 Nxf3+ 18. Nxf3 Ba8 19. Bd4 f6 20. Bb5 g5 21. Bxd7+ Rxd7 22. Bxf6 d4 23. Rxa5 Qxa5 24. cxd4 Qa1+ 25. Kf2 Qxh1 26. Bxh8 g4 27. Ne1 Qxh2 28. Qc3+ Rc7 29. Qe3 Qh6 30. Be5 Rc6 31. Qb3 Qh4+ 32. Ke2 Qd8 33. Qb8+ Kd7 34. Qa7+ Ke8 35. Qxh7 Rxa6 36. Qg8+ Kd7 37. Qxg4 Ra2+ 38. Ke3 Qa5 39. Qd1 Ra1 40. Qd2 Rxe1+ 0-1

[Event "Madrid Oliver Gonzalez Memorial-A 3rd"]
[Site "Madrid"]
[Date "2012.09.01"]
[Round "1"]
[White "Ortega Ruiz, Jose Miguel"]
[Black "Corisco Beltran, Rafael"]
[Result "1-0"]
[WhiteElo "2300"]
[BlackElo "1979"]
[PlyCount "65"]
[EventDate "2012.09.01"]
[EventType "swiss"]
[EventRounds "9"]
[EventCountry "ESP"]
[SourceTitle "CBM 150 Extra"]
[Source "ChessBase"]
[SourceDate "2012.10.19"]
[SourceVersion "1"]
[SourceVersionDate "2012.10.19"]
[SourceQuality "1"]

1. e4 c5 2. Nf3 Nc6 3. d4 cxd4 4. Nxd4 g6 5. Be2 Bg7 6. Nb3 Nf6 7. Nc3 0-0 8. 0-0 a5 9. a4 d6 10. Kh1 Be6 11. f4 Bxb3 12. cxb3 Nd7 13. Be3 Nc5 14. Bf3 Qb6 15. Ra3 Rad8 16. Qe2 Qa6 17. Nb5 Nb4 18. Rd1 Qc6 19. Nc3 e6 20. e5 d5 21. Nb5 b6 22. Rc1 f5 23. Bd4 Rf7 24. Raa1 Bf8 25. Rc3 Qb7 26. Nd6 Rxd6 27. exd6 Ne4 28. Bxe4 fxe4 29. Be5 Na6 30. Qb5 Nc5 31. Rac1 Bh6 32. Rxc5 bxc5 33. Rxc5 1-0

[Event "San Sebastian de los Reyes op 12th"]
[Site "San Sebastian"]
[Date "2010.12.07"]
[Round "8"]
[White "Corisco Beltran, Rafael"]
[Black "Penalba Blasco, Alvaro"]
[Result "1-0"]
[WhiteElo "1808"]
[BlackElo "1709"]
[PlyCount "65"]
[EventDate "2010.11.30"]
[EventType "swiss"]
[EventRounds "9"]
[EventCountry "ESP"]
[SourceTitle "CBM 139 Extra"]
[Source "ChessBase"]
[SourceDate "2011.01.05"]
[SourceVersion "1"]
[SourceVersionDate "2011.01.05"]
[SourceQuality "1"]

1. e4 c5 2. Nf3 Nc6 3. d4 cxd4 4. Nxd4 a6 5. c4 g6 6. Be3 Bg7 7. Nc3 e6 8. Qd2 Qc7 9. Be2 Nge7 10. 0-0 0-0 11. Rac1 Nxd4 12. Bxd4 Nc6 13. Bc5 Re8 14. Kh1 b6 15. Be3 Ne5 16. b3 d6 17. f4 Nc6 18. Bf3 Bb7 19. Rfd1 Rad8 20. Na4 Qb8 21. Bxb6 Bf6 22. Bxd8 Rxd8 23. Qe3 e5 24. fxe5 Bxe5 25. Nb6 f6 26. Nd5 Rf8 27. Bg4 Bc8 28. Bxc8 Qxc8 29. c5 Qd7 30. cxd6 Qxd6 31. Rxc6 Qd8 32. Nxf6+ Rxf6 33. Rxd8+ 1-0

[Event "Parla op 25th"]
[Site "Parla"]
[Date "2010.09.06"]
[Round "3"]
[White "Corisco Beltran, Rafael"]
[Black "Pina Sierra, Jesus"]
[Result "1/2-1/2"]
[WhiteElo "1781"]
[BlackElo "2021"]
[PlyCount "72"]
[EventDate "2010.09.04"]
[EventType "swiss"]
[EventRounds "9"]
[EventCountry "ESP"]
[SourceTitle "CBM 138 Extra"]
[Source "ChessBase"]
[SourceDate "2010.10.29"]
[SourceVersion "1"]
[SourceVersionDate "2010.10.29"]
[SourceQuality "1"]

1. e4 c5 2. Nf3 Nc6 3. d4 cxd4 4. Nxd4 Nf6 5. Nc3 e5 6. Ndb5 d6 7. Bg5 a6 8. Na3 b5 9. Bxf6 gxf6 10. Nd5 f5 11. Bd3 Be6 12. Qh5 Bg7 13. 0-0 f4 14. c4 b4 15. Nc2 a5 16. Rac1 0-0 17. Ne1 Rb8 18. b3 h6 19. Nf3 Ne7 20. Nh4 Qd7 21. Nxe7+ Qxe7 22. Nf5 Bxf5 23. Qxf5 Kh8 24. Be2 Qg5 25. Qxg5 hxg5 26. Bg4 Bf6 27. Rfd1 Be7 28. Rd5 Ra8 29. a4 bxa3 30. Ra1 a4 31. Rxa3 axb3 32. Rxb3 Ra1+ 33. Rd1 Rfa8 34. Rb8+ Rxb8 35. Rxa1 Rb7 36. Kf1 Kg7 1/2-1/2

[Event "Madrid-ch U18 0910"]
[Site "Madrid"]
[Date "2009.12.30"]
[Round "5"]
[White "Corisco Beltran, Rafael"]
[Black "Morona Minguez, Irene"]
[Result "0-1"]
[WhiteElo "1822"]
[BlackElo "1844"]
[PlyCount "107"]
[EventDate "2009.12.26"]
[EventType "swiss"]
[EventRounds "7"]
[EventCountry "ESP"]
[SourceTitle "CBM 134 Extra"]
[Source "ChessBase"]
[SourceDate "2010.03.03"]
[SourceVersion "1"]
[SourceVersionDate "2010.03.03"]
[SourceQuality "1"]

1. e4 c5 2. Nf3 e6 3. d4 cxd4 4. Nxd4 Nc6 5. Nc3 a6 6. Be3 Nf6 7. f3 Qc7 8. Qd2 Bb4 9. 0-0-0 Ne5 10. Bf4 d5 11. Nde2 0-0 12. Qd4 Bd6 13. exd5 exd5 14. Nxd5 Nxd5 15. Qxd5 Bf5 16. Nc3 Rfd8 17. Qb3 Be6 18. Qa4 b5 19. Qe4 f6 20. Kb1 Rac8 21. Bd3 g6 22. Bxe5 Bxe5 23. f4 Bf5 24. Qe2 Bxd3 25. Rxd3 Rxd3 26. Qxd3 Bxc3 27. bxc3 Qxc3 28. Qxc3 Rxc3 29. Re1 Kf7 30. Kb2 Rc4 31. g3 Rd4 32. Kc3 Ra4 33. Kb3 a5 34. Rd1 Rb4+ 35. Kc3 Rc4+ 36. Kb2 Ke6 37. Rd8 h5 38. c3 a4 39. Rb8 Rc5 40. Kc2 Kf5 41. Kd3 Rd5+ 42. Ke3 Kg4 43. Rb6 Rf5 44. Rd6 g5 45. Rd4 gxf4+ 46. gxf4 Kh3 47. Rd2 Rc5 48. Rb2 Rxc3+ 49. Kd2 Rc5 50. Kd3 f5 51. Kd4 Rc8 52. Rxb5 Kg4 53. Ke3 Rc3+ 54. Kd2 0-1

[Event "Madrid-ch U18 0910"]
[Site "Madrid"]
[Date "2009.12.26"]
[Round "1"]
[White "Corisco Beltran, Rafael"]
[Black "Tejedor Ariza, Francisco"]
[Result "1/2-1/2"]
[WhiteElo "1822"]
[BlackElo "2124"]
[PlyCount "124"]
[EventDate "2009.12.26"]
[EventType "swiss"]
[EventRounds "7"]
[EventCountry "ESP"]
[SourceTitle "CBM 134 Extra"]
[Source "ChessBase"]
[SourceDate "2010.03.03"]
[SourceVersion "1"]
[SourceVersionDate "2010.03.03"]
[SourceQuality "1"]

1. e4 c5 2. Nf3 e6 3. d4 cxd4 4. Nxd4 Nf6 5. Nc3 Bb4 6. e5 Nd5 7. Bd2 Nxc3 8. bxc3 Be7 9. Qg4 g6 10. Nb5 Nc6 11. Nd6+ Bxd6 12. exd6 Qa5 13. Qf4 0-0 14. c4 Qe5+ 15. Qxe5 Nxe5 16. f4 Nc6 17. Bd3 b6 18. 0-0 Ba6 19. a4 Rfc8 20. a5 Nxa5 21. Bxa5 bxa5 22. Rxa5 Bxc4 23. Rfa1 Bxd3 24. cxd3 Rc6 25. Ra6 Rxa6 26. Rxa6 Kf8 27. Kf2 Ke8 28. Ke3 Kd8 29. Kd4 f6 30. g4 Kc8 31. Ra4 Kb7 32. Rc4 Rc8 33. Rb4+ Ka8 34. g5 fxg5 35. fxg5 Rc6 36. Ke5 a5 37. Rh4 Rc5+ 38. Kf6 Kb7 39. Rxh7 Kc6 40. Kxg6 a4 41. Rf7 Rf5 42. Rh7 Rf4 43. Rh3 Kxd6 44. Kg7 a3 45. Re3 a2 46. Re1 Rh4 47. g6 Ke7 48. Rf1 Rxh2 49. Kg8 Rb2 50. Ra1 Rd2 51. g7 Rxd3 52. Rxa2 Rh3 53. Rf2 e5 54. Rf7+ Ke6 55. Kf8 Rg3 56. g8Q Rxg8+ 57. Kxg8 d5 58. Kg7 d4 59. Kg6 d3 60. Rf6+ Kd5 61. Kf5 Kd4 62. Rd6+ Ke3 1/2-1/2

[Event "Madrid-ch U18 0809"]
[Site "Madrid"]
[Date "2009.01.05"]
[Round "9"]
[White "Madurga Lopez, Ignacio"]
[Black "Corisco Beltran, Rafael"]
[Result "0-1"]
[WhiteElo "1817"]
[BlackElo "1734"]
[PlyCount "64"]
[EventDate "2008.12.26"]
[EventType "swiss"]
[EventRounds "9"]
[EventCountry "ESP"]
[SourceTitle "CBM 128 Extra"]
[Source "ChessBase"]
[SourceDate "2009.03.05"]
[SourceVersion "2"]
[SourceVersionDate "2009.03.25"]
[SourceQuality "1"]

1. a3 d5 2. Nf3 c5 3. c4 Nf6 4. e3 e6 5. cxd5 exd5 6. d4 cxd4 7. Nxd4 Nc6 8. Be2 a6 9. 0-0 Bd6 10. b4 0-0 11. Bb2 Qc7 12. h3 Qe7 13. Nd2 Nxd4 14. Bxd4 Bf5 15. Nb3 Rac8 16. Bd3 Ne4 17. Qe2 Qd7 18. g4 Be6 19. Rfd1 Nc3 20. Bxc3 Rxc3 21. Nd4 Rfc8 22. f4 Qe7 23. Kg2 Bd7 24. Qd2 Qh4 25. Nf5 Bxf5 26. Bxf5 Bxf4 27. Qe1 Rc2+ 28. Bxc2 Rxc2+ 29. Kg1 Qxh3 30. Qf2 Bxe3 31. Rf1 Bxf2+ 32. Rxf2 Qg3+ 0-1

[Event "Madrid-ch U18 0809"]
[Site "Madrid"]
[Date "2009.01.02"]
[Round "6"]
[White "Corisco Beltran, Rafael"]
[Black "Tarin Casado, Francisco"]
[Result "1/2-1/2"]
[WhiteElo "1734"]
[BlackElo "1849"]
[PlyCount "105"]
[EventDate "2008.12.26"]
[EventType "swiss"]
[EventRounds "9"]
[EventCountry "ESP"]
[SourceTitle "CBM 128 Extra"]
[Source "ChessBase"]
[SourceDate "2009.03.05"]
[SourceVersion "2"]
[SourceVersionDate "2009.03.25"]
[SourceQuality "1"]

1. e4 c6 2. d4 d5 3. Nc3 dxe4 4. Nxe4 Bf5 5. Ng3 Bg6 6. h4 h6 7. Nf3 Nd7 8. h5 Bh7 9. Bd3 Bxd3 10. Qxd3 e6 11. Bf4 Qa5+ 12. Bd2 Qc7 13. 0-0-0 0-0-0 14. Qe2 Ngf6 15. c4 Bd6 16. Ne4 Nxe4 17. Qxe4 Nf6 18. Qe2 c5 19. Bc3 Kb8 20. Ne5 cxd4 21. Bxd4 Rhe8 22. Kb1 Qe7 23. Qe3 Ka8 24. f3 Rc8 25. Nxf7 Qxf7 26. Bxf6 Qxf6 27. Rxd6 Rxc4 28. Rhd1 Qf5+ 29. Qe4 Qxe4+ 30. fxe4 a6 31. R6d4 Rc5 32. Rd8+ Rxd8 33. Rxd8+ Ka7 34. Rd7 Rg5 35. Re7 Rxg2 36. Rxe6 Rg5 37. Re7 Kb6 38. Kc2 Kc6 39. Kd3 a5 40. Kd4 Rxh5 41. Rxg7 b5 42. Rg6+ Kc7 43. e5 Rh2 44. Kc3 h5 45. Rh6 h4 46. Rh7+ Kc6 47. e6 Kd6 48. e7 Kd7 49. a3 h3 50. b4 axb4+ 51. axb4 Rh1 52. Kb2 h2 53. Ka2 1/2-1/2